Регионална библиотека "Любен Каравелов" - Русе

Археологически данни по спора за гроба на Васил Левски в църквата "Св. Петка Самарджийска" (Запис номер 123429)

MARC детайли
000 -Лидер
Контролно поле с фиксирана дължина 02306nam a2200409 c 4500
003 - Код на организацията, давaща контролен номер
Контролно поле BLK
005 - Дата и час на последна редакция
Контролно поле 20230411030316.0
008 - Елементи от данни с фиксирана дължина
fixed length control field 180409b bul|||||r ||||||| ||bul||
010 ## - Наследен системен номер
LC control number KNG00129089000
040 ## - Източник на каталожния запис
Идентификатор на билиотеката - собственик на записа BLK
041 ## - Код за език
Код за езика на текст/звукозапис или на отделно заглавие Български
Код за езика КДБФ Български
080 ## - УДК
Текстов определител УДК Археологически разкопки
УДК код - определител по УДК 902.2
УДК определител (497.2)
УДК - код + определител 902.2(497.2)
080 ## - УДК
Текстов определител УДК Националноосвободителното движение в България (1856-1877)
УДК код - определител по УДК 94(497.2)"1856/1877"
УДК определител (092)
УДК - код + определител 94(497.2)"1856/1877"(092)
080 ## - УДК
Текстов определител УДК Васил Иванов Кунчев, известен и като Апостола на свободата, идеолог и организатор на българската национална революция, национален герой
УДК код - определител по УДК 929 Левски, Васил
УДК определител
УДК - код + определител 929 Левски, Васил
139 ## - Редно поле
Редна дума Археологически данни по спора за гроба на Васил Левски в църквата "Св. Петка Самарджийска"
Авторски знак Арх - А 90
245 10 - Сведения за заглавието
Заглавие Археологически данни по спора за гроба на Васил Левски в църквата "Св. Петка Самарджийска"
Подзаглавни данни Док. и становища
Редно поле (дума) състав. Николай Тодоров.
257 ## - Страна на издаване
Страна на създаване/издаване България
260 ## - Област на издателските данни
-- София
Име на издателя, разпространителя и проч. БАН
Година на издаване 1988
300 ## - Физическа характеристика
Страници 484 с.
Илюстрации и др. с ил.
Размери/Мащаб 30 см
380 ## - Жанр
Жанр История
500 ## - Общи забележки
Забележка 5 000 тир. - Именен показалец.
650 #4 - Допълнително описание по предмет – тема
Основно описание – тема или топоним Археологически паметници - България
9 (RLIN) 244116
650 #4 - Допълнително описание по предмет – тема
Основно описание – тема или топоним Националноосвободително движение - България
9 (RLIN) 242410
650 #4 - Допълнително описание по предмет – тема
Основно описание – тема или топоним София - старини
9 (RLIN) 260248
651 #4 - Допълнително описание по предмет - топоним
Географско понятие България
9 (RLIN) 241624
653 ## - Ключова дума – ненормативна
Ключова дума Васил Левски
653 ## - Ключова дума – ненормативна
Ключова дума археологически разкопки
653 ## - Ключова дума – ненормативна
Ключова дума археологически паметници
700 1# - Други автори (авторска отговорност)
Лично име Тодоров, Николай
Автороска отговорност (Описва отношението между автора и произведението) състав.
Друга информация Николай Тодоров
9 (RLIN) 363506
852 ## - Местоположение
Форматна сигнатура Цб ІІ 7130
856 4# - Електронен адрес и достъп
Електронен формат pdf - файл
Път до файла /url/
856 4# - Електронен адрес и достъп
Електронен формат pdf - файл
Път до файла /url/
942 ## - АРТИКУЛИ
Вид на библиотечния материал Книги
Скрит в OPAC Не
944 ## - СЪЗДАВАНЕ И РЕДАКЦИЯ на ЗАПИСА
Създаване/Редакция Създаване
Дата на регистрацията/редакция 21.03.2012
Статус, дата на статуса 21.03.2012 - от С1,Р / 21.03.2012
Служител, извършил регистрацията/редакцията Виолета_Тройчева
944 ## - СЪЗДАВАНЕ И РЕДАКЦИЯ на ЗАПИСА
Създаване/Редакция Редакция
Дата на регистрацията/редакция 21.03.2012
Статус, дата на статуса 21.03.2012 - от С1,Р / 21.03.2012
Служител, извършил регистрацията/редакцията
999 ## - СИСТЕМНИ КОНТРОЛНИ НОМЕРА
Koha biblionumber 123429
Koha biblioitemnumber 123429
Наличности
Код за отписване Код за изгубен артикул Източник на класификационната схема Код за повреда Коз за рестрикции Код за отдаване Артикулен № Име на библиотеката - собственик Име на библиотеката, в която се намира в момента Статус (Текущо местоположение) Дата на вписване в системата Местоположение - отдел Цена в лева Инвентарен номер Систематично азбучна сигнатура Баркод Номер на екземпляра Цена в евро Служебна бележка Служебен тип на артикула
  Не е изгубен Universal Decimal Classification Не е повреден без рестрикции ползва се в читалня 199813 Регионална библиотека "Любен Каравелов" Русе Регионална библиотека "Любен Каравелов" Русе Хранилище 1988-01-01 Хранилище 9.77 494471 Цб ІІ 7130 120000494471 1 5.00 Дост: Dp Вид: Д N: стар фонд Дата: 01.01.1988 Книги
Изтеглен Не е изгубен Universal Decimal Classification Не е повреден без рестрикции заемане за дома 199814 Регионална библиотека "Любен Каравелов" Русе Регионална библиотека "Любен Каравелов" Русе Заемна - подръчен фонд 1988-01-01 Заемна - подръчен фонд 9.77 497082 П 902(092)/А 90 497082 2 5.00 Дост: Pk Вид: Ф N: стар фонд Дата: 01.01.1988 Книги
  Не е изгубен   Не е повреден без рестрикции ползва се в читалня 199815 Регионална библиотека "Любен Каравелов" Русе Регионална библиотека "Любен Каравелов" Русе Хранилище 1988-01-01 Основен фонд - ползва се само за читалня 8.00 661544 Цб ІІ 7130 661544 3 4.09 Дост: Pk Вид: Ф N: стар фонд Дата: 01.01.1988 Книги
Vip Innovations Ltd, Rousse, Bulgaria 2025